[Event "Stuttgart-chB int"]
[Site "Ditzingen"]
[Date "2006.05.26"]
[Round "4"]
[White "Reiswich, Waldemar"]
[Black "Pietzka, Martin"]
[Result "1-0"]
[WhiteElo "1798"]
[BlackElo "1657"]
[PlyCount "39"]
[EventDate "2006.05.25"]
[EventType "swiss"]
[EventRounds "7"]
[EventCountry "GER"]
[SourceTitle "EXT 2018"]
[Source "ChessBase"]
[SourceDate "2017.10.13"]
[SourceVersion "1"]
[SourceVersionDate "2017.10.13"]
[SourceQuality "1"]

1. g3 d5 2. Bg2 Nf6 3. c4 c6 4. Nf3 Bf5 5. b3 e6 6. 0-0 Nbd7 7. Bb2 Bd6 8. Nc3 Qc7 9. cxd5 exd5 10. Rc1 a6 11. Nd4 Be4 12. Nxe4 dxe4 13. d3 h5 14. dxe4 0-0-0 15. Nxc6 bxc6 16. e5 Bxe5 17. Rxc6 Qxc6 18. Bxc6 Bxb2 19. Bxd7+ Kb8 20. Qd6+ 1-0

[Event "Stuttgart-chB int"]
[Site "Ditzingen"]
[Date "2006.05.25"]
[Round "2"]
[White "Reiswich, Waldemar"]
[Black "Nadj, Georg"]
[Result "1-0"]
[WhiteElo "1798"]
[BlackElo "1420"]
[PlyCount "59"]
[EventDate "2006.05.25"]
[EventType "swiss"]
[EventRounds "7"]
[EventCountry "GER"]
[SourceTitle "EXT 2018"]
[Source "ChessBase"]
[SourceDate "2017.10.13"]
[SourceVersion "1"]
[SourceVersionDate "2017.10.13"]
[SourceQuality "1"]

1. g3 d5 2. Bg2 c6 3. c4 Nf6 4. Qa4 Bf5 5. cxd5 Nxd5 6. e4 Nb6 7. Qc2 Bg6 8. Nf3 N8d7 9. d4 e6 10. Nc3 Be7 11. 0-0 0-0 12. Be3 Nd5 13. Nd2 Nxe3 14. fxe3 Nf6 15. Qd1 Qb6 16. Rb1 Rad8 17. Kh1 c5 18. Nc4 Qb4 19. Qd3 cxd4 20. exd4 Bc5 21. a3 Qb3 22. Nd2 Qb6 23. dxc5 Rxd3 24. cxb6 Rxd2 25. bxa7 Ra8 26. Rfd1 Rxd1+ 27. Rxd1 h6 28. Nb5 Nxe4 29. Rd4 Nc5 30. b4 1-0